00660nam a22001937a 450000500170000001000150001702000260003203500130005803700130007108200160008410000170010024501060011726000410022327000670026430000240033150000410035565000560039670000140045220140916105612.0 aENG-110854 a9788175417182c150.00 aEN-94386 bDBAD/PUB a371.9670954 aBiswas, N.B. aEducation of the scheduled caste people :cby N.B. Biswas [and] N.R. RoybNamasudras of West Bengal / aNew DelhibShipra Publicationsc2014 aLG-18-19, Pankaj Central Market, PatparganjbNew Delhie110092 avi,165p.c22cm(pbk) aIncludes bibliographical references  aPeople with social disabilitiesxEducation zIndia. aRoy, N.R.